ბათუმის შოთა რუსთაველის სახელმწიფო უნივერსიტეტის ბიბლიოთეკა

Полезные растения СССР.Т.1 (ბიბ.ჩანაწერი № 45591)

000 -LEADER
fixed length control field 00755nam a2200205Ia 4500
001 - CONTROL NUMBER
control field 12417
003 - CONTROL NUMBER IDENTIFIER
control field GE_BSU
008 - FIXED-LENGTH DATA ELEMENTS--GENERAL INFORMATION
fixed length control field 181216s||||||||xx |||||||||||||| ||und||
040 ## - CATALOGING SOURCE
Transcribing agency GE_BSU
080 ## - UNIVERSAL DECIMAL CLASSIFICATION NUMBER
Universal Decimal Classification number 581.6
245 ## - TITLE STATEMENT
Title Полезные растения СССР.Т.1
245 ## - TITLE STATEMENT
Statement of responsibility, etc. Отв.ред.М.М.Ильин.Гл.ред.изд.М.М.Ильин. Пигулевский Г.В.
260 ## - PUBLICATION, DISTRIBUTION, ETC.
Place of publication, distribution, etc. М-Л
260 ## - PUBLICATION, DISTRIBUTION, ETC.
Name of publisher, distributor, etc. Изд-во АНСССР
260 ## - PUBLICATION, DISTRIBUTION, ETC.
Date of publication, distribution, etc. 1951
300 ## - PHYSICAL DESCRIPTION
Extent 198стр.илл.
300 ## - PHYSICAL DESCRIPTION
Accompanying material Таблицы,указатели латинских названии,русских названии растении, предметный указатель стр.190-195
653 ## - INDEX TERM--UNCONTROLLED
Uncontrolled term Полезные растения СССР
942 ## - ADDED ENTRY ELEMENTS (KOHA)
Koha item type წიგნი
ეგზემპლარები
Withdrawn status Lost status Damaged status Not for loan Date acquired Barcode Date last seen Price effective from Koha item type
        2018-12-17 20744 2018-12-17 2018-12-17 წიგნი